[Event "Reykjavik op"]
[Site "Reykjavik"]
[Date "2024.03.20"]
[Round "8"]
[White "Field, Rowan Soraya"]
[Black "Heppert, Lars"]
[Result "0-1"]
[WhiteElo "1806"]
[BlackElo "1981"]
[PlyCount "70"]
[EventDate "2024.03.15"]
[EventType "swiss"]
[EventRounds "9"]
[EventCountry "ISL"]
[SourceTitle "CB13_2024"]
[SourceDate "2024.03.27"]
[SourceVersion "1"]
[SourceVersionDate "2024.03.27"]
[SourceQuality "1"]

1. e4 d6 2. d4 Nf6 3. Nc3 Nbd7 4. Nf3 e5 5. Bc4 Be7 6. h3 c6 7. Be3 h6 8. Qd2 Qc7 9. Bd3 b5 10. Ne2 Bb7 11. Ng3 0-0-0 12. c3 d5 13. Qc2 g6 14. 0-0 dxe4 15. Nxe4 Nxe4 16. Bxe4 f5 17. Bd3 e4 18. Bxe4 fxe4 19. Qxe4 Nf6 20. Qxg6 Kb8 21. Ne5 Rdg8 22. Qf5 c5 23. f3 Bc8 24. Qd3 c4 25. Qd2 Bxh3 26. Rf2 Nd5 27. Bxh6 Bd6 28. g4 Qh7 29. a3 Qxh6 30. Qxh6 Rxh6 31. Nf7 Rf6 32. Nxd6 Rxd6 33. Kh2 Bxg4 34. fxg4 Rxg4 35. Rf3 Nf4 0-1

[Event "Heusenstamm Schloss op"]
[Site "Heusenstamm"]
[Date "2023.11.23"]
[Round "1"]
[White "Kanno, Clara Yumi"]
[Black "Heppert, Lars"]
[Result "0-1"]
[WhiteElo "1388"]
[BlackElo "1943"]
[PlyCount "74"]
[EventDate "2023.11.23"]
[EventType "swiss"]
[EventRounds "7"]
[EventCountry "GER"]
[SourceTitle "CB48_2023"]
[SourceDate "2023.11.29"]
[SourceVersion "1"]
[SourceVersionDate "2023.11.29"]
[SourceQuality "1"]

1. d4 d5 2. Bf4 Nf6 3. e3 c5 4. c3 Nc6 5. Nd2 cxd4 6. exd4 Bf5 7. Ngf3 e6 8. Be2 Bd6 9. Bxd6 Qxd6 10. 0-0 0-0 11. Nh4 Rfe8 12. g4 Bg6 13. f4 Qe7 14. Rf2 Nd7 15. Nxg6 hxg6 16. g5 f6 17. h4 e5 18. Bd3 e4 19. Re2 Qd6 20. Bb5 Qxf4 21. gxf6 Nxf6 22. Qe1 Re7 23. Rg2 e3 24. Nf1 Ng4 25. Qe2 Nf2 26. Re1 Qxh4 27. Rh2 Qg5+ 28. Rg2 Qf4 29. Bd3 Rf8 30. Bxg6 Nh3+ 31. Kh1 Qh4 32. Nh2 Nf2+ 33. Kg1 Nh3+ 34. Kh1 Nf4 35. Qg4 Nxg2 36. Kxg2 Rf2+ 37. Kg1 Qxh2# 0-1

[Event "Bayern-chI Bank Hofmann 26th"]
[Site "Tegernsee"]
[Date "2023.10.30"]
[Round "3"]
[White "Tillmann, Markus"]
[Black "Heppert, Lars"]
[Result "1-0"]
[WhiteElo "2085"]
[BlackElo "1924"]
[PlyCount "93"]
[EventDate "2023.10.28"]
[EventType "swiss"]
[EventRounds "9"]
[EventCountry "GER"]
[SourceTitle "Mega2024 Update 01"]
[Source "Chessbase"]
[SourceDate "2023.11.12"]
[SourceVersion "1"]
[SourceVersionDate "2023.11.12"]
[SourceQuality "1"]

1. d4 d5 2. c4 e6 3. Nc3 c6 4. e4 dxe4 5. Nxe4 Nf6 6. Nxf6+ Qxf6 7. Nf3 Bb4+ 8. Bd2 Qe7 9. Bd3 0-0 10. 0-0 Bxd2 11. Qxd2 Rd8 12. Rad1 c5 13. dxc5 g6 14. Qh6 Nd7 15. b4 a5 16. a3 axb4 17. axb4 Nf8 18. Bc2 Bd7 19. h3 Ra3 20. Be4 Bc6 21. Bxc6 bxc6 22. Ne5 Rc8 23. Rd6 Qb7 24. Qf4 Ra7 25. Qf6 Qa8 26. Ng4 h5 27. Nh6+ Kh7 28. Nxf7 Kg8 29. Ng5 Re8 30. Rfd1 Rae7 31. Qc3 e5 32. Ne4 Kg7 33. Nf6 Rb8 34. Nd7 Rbe8 35. Nxe5 Kh7 36. f4 Ne6 37. Qg3 Rg8 38. Qh4 Qe8 39. Nd7 Qf7 40. Nf6+ Kg7 41. Nxg8 Kxg8 42. Rxc6 Nxf4 43. Rc8+ Kh7 44. Rdd8 Re4 45. Rh8+ Kg7 46. Kh2 Qxc4 47. Qd8 1-0

[Event "Heusenstamm Sparkassen op-A 7th"]
[Site "Heusenstamm"]
[Date "2021.11.21"]
[Round "6.70"]
[White "Heppert, Lars"]
[Black "Plaumann, Arvin"]
[Result "1-0"]
[WhiteElo "1833"]
[BlackElo "1613"]
[PlyCount "81"]
[EventDate "2021.11.18"]
[EventType "swiss"]
[EventRounds "7"]
[EventCountry "GER"]
[SourceTitle "EXT 2023"]
[Source "ChessBase"]
[SourceDate "2022.10.05"]
[SourceVersion "1"]
[SourceVersionDate "2022.10.05"]
[SourceQuality "1"]

1. e4 e6 2. d4 d5 3. exd5 exd5 4. Nf3 Bg4 5. Bd3 Bd6 6. 0-0 Ne7 7. Re1 Nbc6 8. c3 Qd7 9. Nbd2 f6 10. b4 0-0 11. a4 Bf5 12. Bf1 Ng6 13. Qb3 Kh8 14. a5 Rfe8 15. b5 Rxe1 16. Nxe1 Nd8 17. Ndf3 Nf7 18. g3 c6 19. a6 Rb8 20. Qa4 Ne7 21. axb7 Rxb7 22. bxc6 Qxc6 23. c4 Qxa4 24. Rxa4 Bd7 25. Ra6 Bb4 26. Nc2 Bc3 27. Ra3 Bb4 28. Nxb4 Rxb4 29. Rxa7 Bg4 30. Rxe7 Nh6 31. Nd2 g5 32. h3 Bd1 33. Bd3 dxc4 34. Bxc4 Nf5 35. Rd7 Rb8 36. Bd3 Rc8 37. Bb2 Ng7 38. d5 h5 39. Bxf6 Rc1 40. Bxg7+ Kg8 41. Bh7+ 1-0

[Event "Heusenstamm Sparkassen op-A 7th"]
[Site "Heusenstamm"]
[Date "2021.11.19"]
[Round "2.63"]
[White "Heppert, Lars"]
[Black "Haenselmann, Hendrik"]
[Result "1/2-1/2"]
[WhiteElo "1833"]
[BlackElo "1865"]
[PlyCount "65"]
[EventDate "2021.11.18"]
[EventType "swiss"]
[EventRounds "7"]
[EventCountry "GER"]
[SourceTitle "EXT 2023"]
[Source "ChessBase"]
[SourceDate "2022.10.05"]
[SourceVersion "1"]
[SourceVersionDate "2022.10.05"]
[SourceQuality "1"]

1. e4 c5 2. Nf3 e6 3. c3 Nf6 4. Qe2 b6 5. e5 Nd5 6. g3 Bb7 7. Bg2 Be7 8. 0-0 Nc6 9. Na3 0-0 10. Nc2 d6 11. d4 cxd4 12. Ncxd4 Nxd4 13. Nxd4 dxe5 14. Qxe5 Bf6 15. Qe2 Bxd4 16. cxd4 Rc8 17. Be3 Qd7 18. Rfc1 Rxc1+ 19. Rxc1 Rc8 20. Qd2 Rc7 21. Rxc7 Qxc7 22. Qc1 Qxc1+ 23. Bxc1 Kf8 24. Bd2 Ke7 25. a3 Kd6 26. Bxd5 Kxd5 27. Bc3 g6 28. f3 Kc4 29. Kf2 Kd3 30. g4 g5 31. Bb4 Kc2 32. Bc3 Kd3 33. Bb4 1/2-1/2

[Event "Nuremberg Zabo op 20th"]
[Site "Nuremberg"]
[Date "2018.09.16"]
[Round "4"]
[White "Heppert, Lars"]
[Black "Oram, Thomas"]
[Result "1-0"]
[WhiteElo "1923"]
[BlackElo "1601"]
[PlyCount "103"]
[EventDate "2018.09.15"]
[EventType "swiss"]
[EventRounds "5"]
[EventCountry "GER"]
[SourceTitle "EXT 2020"]
[Source "ChessBase"]
[SourceDate "2019.10.17"]
[SourceVersion "1"]
[SourceVersionDate "2019.10.17"]
[SourceQuality "1"]

1. c4 Nf6 2. g3 g6 3. Bg2 Bg7 4. Nc3 0-0 5. d4 c6 6. e4 d6 7. Nf3 Be6 8. Qe2 Qc8 9. h3 d5 10. cxd5 cxd5 11. e5 Ne8 12. Ng5 Nc7 13. Nxe6 Nxe6 14. Be3 Nc6 15. Nxd5 Nexd4 16. Nxe7+ Nxe7 17. Bxd4 Nc6 18. Bxc6 Qxc6 19. 0-0 Rfe8 20. f4 f6 21. Rae1 Qd5 22. Qe4 Qxa2 23. e6 f5 24. Qe3 Bxd4 25. Qxd4 Rxe6 26. Re5 Rb6 27. Rfe1 Rf8 28. Re7 Rff6 29. Rc7 Rbe6 30. Rec1 Qb3 31. R1c3 Rd6 32. Qxd6 Qxc3 33. Qd8+ Rf8 34. Qxf8+ Kxf8 35. bxc3 a5 36. Rxb7 a4 37. Rxh7 a3 38. Ra7 a2 39. Rxa2 Ke7 40. Rd2 Kf6 41. c4 g5 42. Rd6+ Ke7 43. c5 gxf4 44. gxf4 Ke8 45. c6 Ke7 46. Rd3 Kf6 47. c7 Kg6 48. c8Q Kh5 49. Qxf5+ Kh6 50. Rd6+ Kg7 51. Rg6+ Kh8 52. Qh5# 1-0

[Event "Nuremberg Zabo op 15th"]
[Site "Nuremberg"]
[Date "2013.09.22"]
[Round "5"]
[White "Heppert, Lars"]
[Black "Promyshlyanskiy, Vitaliy"]
[Result "0-1"]
[WhiteElo "1880"]
[BlackElo "2180"]
[PlyCount "66"]
[EventDate "2013.09.20"]
[EventType "swiss"]
[EventRounds "5"]
[EventCountry "GER"]
[SourceTitle "EXT 2016"]
[Source "ChessBase"]
[SourceDate "2015.10.08"]
[SourceVersion "1"]
[SourceVersionDate "2015.10.08"]
[SourceQuality "1"]

1. c4 Nf6 2. g3 g6 3. Bg2 Bg7 4. Nf3 d6 5. d4 0-0 6. 0-0 Nbd7 7. Nc3 e5 8. dxe5 dxe5 9. Qc2 c6 10. Rd1 Qe7 11. e4 Re8 12. h3 a5 13. Be3 Nc5 14. a3 Nfd7 15. b4 axb4 16. axb4 Rxa1 17. Rxa1 Ne6 18. c5 Nd4 19. Qd1 Nf8 20. Kh2 Rd8 21. Qa4 Be6 22. Nd2 f5 23. Rc1 Qf7 24. f4 Nb3 25. Rc2 exf4 26. Bxf4 Bxc3 27. Rxc3 Nxd2 28. exf5 Bxf5 29. Bd6 Ne4 30. Rf3 Nxd6 31. cxd6 Qe6 32. Rf4 Rxd6 33. g4 Qe5 0-1

[Event "Nuremberg Zabo op 14th"]
[Site "Nuremberg"]
[Date "2012.09.15"]
[Round "3"]
[White "Promyshlyanskiy, Vitaliy"]
[Black "Heppert, Lars"]
[Result "1-0"]
[WhiteElo "2206"]
[BlackElo "1828"]
[PlyCount "117"]
[EventDate "2012.09.14"]
[EventType "swiss"]
[EventRounds "5"]
[EventCountry "GER"]
[SourceTitle "EXT 2018"]
[Source "ChessBase"]
[SourceDate "2017.10.13"]
[SourceVersion "1"]
[SourceVersionDate "2017.10.13"]
[SourceQuality "1"]

1. e4 c5 2. Nc3 g6 3. f4 Bg7 4. Nf3 Nc6 5. Bc4 e6 6. 0-0 Nge7 7. d3 0-0 8. Qe1 Nd4 9. Bb3 Nxb3 10. axb3 d5 11. Qf2 b6 12. Bd2 Bb7 13. Rfe1 Qd7 14. e5 Rfd8 15. Re2 a6 16. d4 Rac8 17. Na4 Qc7 18. dxc5 bxc5 19. b4 c4 20. Be3 Re8 21. Bb6 Qb8 22. Ba7 Qa8 23. Bc5 Qb8 24. Bd6 Rc7 25. Qb6 Rc6 26. Bxb8 Rxb6 27. Nxb6 Rxb8 28. Nd7 Ra8 29. Nc5 Bc8 30. b5 a5 31. g4 Bf8 32. b3 cxb3 33. Nxb3 a4 34. Nbd4 Kh8 35. c3 Ng8 36. Rb2 a3 37. Nc2 Ra4 38. Nfd4 Rc4 39. Nxa3 Rxc3 40. Rc2 Bc5 41. Rd1 Rxc2 42. Naxc2 Ne7 43. Kg2 Bb7 44. Kg3 Kg7 45. Rd3 Nc8 46. f5 exf5 47. gxf5 Nb6 48. f6+ Kf8 49. Kf4 Nc4 50. Nf3 h6 51. h4 Bb6 52. Nb4 d4 53. Nxd4 Nxe5 54. Ne6+ fxe6 55. Kxe5 Bc8 56. Rc3 Bd7 57. Kd6 Bxb5 58. Kxe6 Bd7+ 59. Kxd7 1-0